00466nam a22001457a 4500020001500000082002000015100002700035245004000062260005500102300000800157650002600165942000700191952010500198999001700303 a0791420205 a306.6297073 YVO aYvonne, Yazbeck Haddad aMuslim Communities in North America aNew YorkbState University of New York Pressc1994 a545 aMuslims-United States cBK 00104070aHMIbHMIcGENd2018-07-12g500.00l0o306.6297073 YVOp18351r2018-07-12w2018-07-12yBK c21179d21179